Chuck Norris Filmography - Statistics

General Stats
  • This quiz has been taken 80 times
    30 since last reset
  • The average score is 20 of 59
Answer Stats
Type Year Name % Correct
TV Show 1993-2001 Walker, Texas Ranger
95%
Film 2012 The Expendables 2
79%
Film 1984 Missing in Action
74%
Film 1985 Missing in Action 2: The Beginning
74%
Film 1988 Braddock: Missing in Action III
68%
Film 1990 Delta Force 2: The Colombian Connection
68%
Film 1986 The Delta Force
68%
Film 1992 Sidekicks
53%
Film 1995 Top Dog
53%
Film 1996 Forest Warrior
47%
Film 1985 Invasion U.S.A.
47%
Film 1983 Lone Wolf McQuade
47%
Film 1979 A Force of One
42%
Film 1977 Breaker! Breaker!
42%
Film 1980 The Octagon
42%
Film 1972 Way of the Dragon
42%
Film 2004 DodgeBall: A True Underdog Story
37%
Film 1986 Firewalker
37%
Film 1978 Good Guys Wear Black
37%
Film 1994 Hellbound
37%
Film 1988 Hero and the Terror
37%
Film 1982 Silent Rage
37%
Film 1991 The Hitman
37%
TV Film 2000 The President's Man
37%
TV Film 2005 Walker, Texas Ranger: Trial by Fire
37%
Film 1981 An Eye for an Eye
32%
Film 1985 Code of Silence
32%
TV Show 2020 Hawaii Five-0
32%
TV Film 1998 Logan's War: Bound by Honor
32%
TV Show 1999 Sons of Thunder
32%
Film 1968 The Wrecking Crew
32%
Film TBA Zombie Plane
32%
Film 2024 Agent Recon
26%
Film 2003 Bells of Innocence
26%
TV Show 1986 Chuck Norris: Karate Kommandos
26%
Video Game 2023 Crime Boss: Rockay City
26%
Film 1982 Forced Vengeance
26%
Film 2005 The Cutter
26%
TV Film 2002 The President's Man: A Line in the Sand
26%
Commercial 2012 Era Laundry Detergent
21%
TV Show 2000 Martial Law
21%
TV Show 2015 The Goldbergs
21%
Film 1973 The Student Teachers
21%
TV Film 1993 Wind in the Wire
21%
Film 1974 Yellow Faced Tiger
21%
TV Show 2003 Yes, Dear
21%
TV Special 2019 Chuck Norris's Epic Guide to Military Vehicles
16%
Commercial 1997-2019 Gazelle Total Gym
16%
TV Show 2020 TNA iMPACT! Wrestling
16%
Commercial 2020 World of Tanks
16%
Commercial 2020 CForce Bottling Co.
11%
Commercial 2018, 2019 Toyota
11%
Commercial 2017 United HealthCare
11%
Workout Video 1997 Chuck Norris: Private Lesson
5%
Commercial 2007 Mountain Dew
5%
TV Show 2006 Praise the Lord
5%
Award Show 2009 The 17th Annual Movieguide Awards
5%
TV Documentary 1987 The Ultimate Stuntman: A Tribute to Dar Robinson
5%
Commercial 2011 World of Warcraft
5%
No matching quizzes found
Score Distribution
Percent of People with Each Score
Percentile by Number Answered
Your Score History
You have not taken this quiz since the last reset